| 000 | 00640nam a2200205Ia 4500 | ||
|---|---|---|---|
| 005 | 20260429112109.0 | ||
| 008 | 260429s9999||||xx |||||||||||||| ||und|| | ||
| 020 | _a9781638221173 | ||
| 041 | _aEnglish | ||
| 082 |
_a613.7 _bMAT |
||
| 100 | _aMattera, Jenna A. | ||
| 245 | 0 |
_aStrength training and exercise prescription for rehabilitation professionals : _ban evidence-based, therapeutic exercise textbook / _cJenna A. Mattera |
|
| 250 | _a1st ed. | ||
| 260 |
_aNew York : _bRoutledge, _c2025. |
||
| 300 | _axiii, 503 p.; pbk | ||
| 650 | _a Rehabilitation professionals | ||
| 650 | _a Training | ||
| 650 | _aTraining | ||
| 942 | _cTB | ||
| 999 |
_c52331 _d52331 |
||